|
|
|
|
| LEADER |
00000nkm a2200000 a 4500 |
| 001 |
vtls011773652 |
| 003 |
SK-MaSNL |
| 005 |
20260425223913.0 |
| 007 |
kf bo |
| 008 |
240409s1997 xo g kuslo |
| 035 |
|
|
|a urn:nbn:sk:snk-km00ec5o
|
| 035 |
|
|
|a urn:nbn:sk:snk-km43f0j
|
| 035 |
|
|
|a 980D95E6-FB40-4BE8-8959-CA9B05B1475D
|
| 040 |
|
|
|a SNK
|b slo
|c SNK
|e AACR2
|
| 041 |
0 |
|
|a slo
|
| 043 |
|
|
|a e-xo---
|
| 044 |
|
|
|a xo
|c SK
|
| 072 |
|
7 |
|a 394
|x Verejný a spoločenský život. Každodenný život
|2 konspekt
|
| 072 |
|
7 |
|a 929
|x Biografie
|2 konspekt
|
| 080 |
|
|
|a 394.46
|2 2011
|
| 080 |
|
|
|a (084.5)
|2 2011
|
| 080 |
|
|
|a 929
|2 2011
|
| 245 |
0 |
0 |
|a Múzeum Karola Plicku v Blatnici
|b propagačný plagát
|h grafika
|
| 260 |
|
|
|a Martin
|b Slovenské národné múzeum
|
| 260 |
|
|
|a Martin
|b Tlačiarne SNP
|
| 300 |
|
|
|a 1 plagát
|b farebný; tónovaný do hneda; jedna veľká fotografia autora Karola Plicku dvoch mladých dievčat v slovenskom kroji pod holým nebom, text bielej farby
|c 86 x 61 cm
|
| 648 |
|
7 |
|a 1896-1996
|2 SNKPH
|9 286313
|
| 650 |
0 |
7 |
|a múzeá
|2 SNKPH
|9 4119
|
| 651 |
|
7 |
|a Slovensko
|2 SNKPH
|9 14231
|
| 655 |
|
7 |
|a plagáty
|2 SNKPH
|9 70571
|
| 852 |
|
|
|a Slovenská národná knižnica v Martine
|
| 958 |
|
|
|a CP
|
| 999 |
|
|
|c 598843
|d 600773
|
| 952 |
|
|
|a SNKLM
|b SNKLM
|y PREZ
|7 0
|p 17A1261922
|o snklm L 1433
|i snklm 135/87
|8 7
|0 0
|1 0
|4 0
|d 2018-08-21
|f 1
|l 0
|r 2026-02-23 15:47:14
|w 2026-02-23
|